000 00555pam a2200193 a 4500
020 _a0830625461 :
020 _a0830625453 (pbk.) :
040 _cDLC
082 0 0 _a696 TAB 1992 A038 Or.
100 1 _aWood, Robert W.,
245 1 0 _aAll thumbs guide to home plumbing /
250 _a1st ed.
260 _aBlue Ridge Summit, PA :
_bTab Books,
_cc1992.
300 _axiv, 130 p. :
_bill. (some col.) ;
_c24 cm.
500 _aIncludes index.
650 0 _aPlumbing
856 4 2 _uhttp://www.loc.gov/catdir/description/mh041/91041376.html
942 _cEK
999 _c11565
_d11565